[Event "San Francisco cat 4th"]
[Site "San Francisco"]
[Date "2000.05.13"]
[Round "6"]
[White "Cuberli, Andres"]
[Black "Rosmari, Bruno"]
[Result "0-1"]
[WhiteElo "532"]
[BlackElo "600"]
[PlyCount "102"]
[EventDate "2000.05.06"]
[EventType "team"]
[EventRounds "7"]
[EventCountry "ARG"]
[SourceTitle "EXT 2005"]
[Source "ChessBase"]
[SourceDate "2004.11.15"]
[SourceVersion "1"]
[SourceVersionDate "2004.11.15"]
[SourceQuality "1"]

1. e4 e5 2. Nf3 Nc6 3. Bc4 Bc5 4. 0-0 Nf6 5. Nc3 d6 6. d3 Bg4 7. h3 Be6 8. Bxe6 fxe6 9. Bg5 h6 10. Be3 Nd4 11. Na4 Nxf3+ 12. Qxf3 Bxe3 13. Qxe3 d5 14. exd5 Qxd5 15. Nc3 Qd4 16. Qxd4 exd4 17. Ne2 e5 18. Rfe1 0-0-0 19. c3 dxc3 20. bxc3 Rxd3 21. Red1 Rxd1+ 22. Rxd1 Rd8 23. Rxd8+ Kxd8 24. g4 Kd7 25. h4 Nxg4 26. f3 Ne3 27. Kf2 Nd1+ 28. Ke1 Nb2 29. Kd2 Kd6 30. Kc2 Nc4 31. Kd3 Kd5 32. Nc1 Nd6 33. Ke3 Nf5+ 34. Kd3 Nxh4 35. Ke3 Nf5+ 36. Kf2 h5 37. Kg2 e4 38. fxe4+ Kxe4 39. Ne2 g5 40. Ng3+ Nxg3 41. Kxg3 g4 42. Kh4 Kf3 43. a4 g3 44. Kh3 g2 45. Kh2 Kf2 46. Kh3 g1Q 47. Kh4 Kf3 48. Kxh5 Kf4 49. Kh6 Kf5 50. Kh7 Kf6 51. Kh8 Qg7# 0-1

[Event "San Francisco cat 4th"]
[Site "San Francisco"]
[Date "2000.05.13"]
[Round "5"]
[White "Rosmari, Bruno"]
[Black "Peretti, Lucas Guillermo"]
[Result "1-0"]
[WhiteElo "600"]
[BlackElo "618"]
[PlyCount "79"]
[EventDate "2000.05.06"]
[EventType "team"]
[EventRounds "7"]
[EventCountry "ARG"]
[SourceTitle "EXT 2005"]
[Source "ChessBase"]
[SourceDate "2004.11.15"]
[SourceVersion "1"]
[SourceVersionDate "2004.11.15"]
[SourceQuality "1"]

1. e4 c5 2. Nf3 d6 3. Nc3 Nf6 4. d4 cxd4 5. Nxd4 e5 6. Nf3 Bg4 7. Bg5 Be7 8. h3 Be6 9. Bb5+ Nbd7 10. Bxf6 Bxf6 11. Qxd6 a6 12. Bxd7+ Qxd7 13. Qxd7+ Bxd7 14. Nd5 Bd8 15. Nxe5 Be6 16. 0-0 0-0 17. f4 f6 18. Nf3 Rc8 19. c3 f5 20. Ng5 Bxg5 21. fxg5 fxe4 22. Ne7+ Kh8 23. Nxc8 Rxc8 24. Rfe1 Bd5 25. Red1 Bc4 26. Rd4 Bd3 27. Re1 Kg8 28. Rd6 Re8 29. a3 Bc4 30. Rd4 Bb3 31. Rdxe4 Rxe4 32. Rxe4 Bd5 33. Re1 Kf7 34. Kf2 Kg6 35. h4 Kf5 36. Re7 Kg4 37. g3 Kh5 38. Rxg7 Be4 39. Ke3 Bg6 40. Rxb7 1-0

[Event "San Francisco cat 4th"]
[Site "San Francisco"]
[Date "2000.05.07"]
[Round "3"]
[White "Rosmari, Bruno"]
[Black "Giaccone, Pablo"]
[Result "1-0"]
[WhiteElo "600"]
[BlackElo "626"]
[PlyCount "53"]
[EventDate "2000.05.06"]
[EventType "team"]
[EventRounds "7"]
[EventCountry "ARG"]
[SourceTitle "EXT 2005"]
[Source "ChessBase"]
[SourceDate "2004.11.15"]
[SourceVersion "1"]
[SourceVersionDate "2004.11.15"]
[SourceQuality "1"]

1. e4 e5 2. Nf3 Nc6 3. d4 exd4 4. Nxd4 Nxd4 5. Qxd4 Be7 6. Nc3 Nf6 7. e5 c5 8. Qd1 Ng8 9. Bc4 d6 10. exd6 Qxd6 11. Qxd6 Bxd6 12. 0-0 Nf6 13. Re1+ Be7 14. Nd5 Nxd5 15. Bxd5 Rb8 16. Bg5 f6 17. Bf4 Ra8 18. Bd6 a5 19. Rxe7+ Kd8 20. Rae1 Bd7 21. Be6 Bxe6 22. R1xe6 b6 23. Rxg7 f5 24. Ree7 Kc8 25. Rc7+ Kd8 26. Rxh7 Re8 27. Rhd7# 1-0